Les pays contenant entre 0 % et 10 % de protestants - Statistiques

Statistiques générales
  • Ce quiz a été pris 31 fois
  • Le résultat moyen est 57 sur 89
Statistiques - réponses
Hint Réponse % Correct
1,40 % Espagne
97%
0,12 % Maroc
97%
4,67 % Portugal
97%
0,19 % Algérie
93%
4,73 % Russie
93%
7,77 % Chine
90%
3,91 % Inde
90%
0,13 % Libye
90%
2,18 % Italie
86%
2,87 % Japon
86%
0,31 % Tunisie
86%
0,90 % Irak
83%
0,13 % Iran
83%
1,20 % Liban
83%
0,04 % Afghanistan
79%
0,46 % Arabie Saoudite
79%
0,94 % Égypte
79%
0,95 % Mali
79%
9,56 % Mexique
79%
1,81 % Pakistan
79%
0,59 % Israël
76%
0,33 % Niger
76%
0,11 % Turquie
76%
0,12 % Mauritanie
72%
1,86 % Qatar
72%
0,29 % Sénégal
72%
2,56 % Slovénie
72%
0,39 % Syrie
72%
1,15 % Thaïlande
72%
4,31 % Albanie
69%
3,05 % Grèce
69%
0,56 % Jordanie
69%
2,00 % Laos
69%
4,64 % Malaisie
69%
1,29 % Mongolie
69%
2,79 % Népal
69%
0,89 % Ouzbékistan
69%
1,51 % Pologne
69%
0,39 % Tadjikistan
69%
1,78 % Vietnam
69%
1,96 % Arménie
66%
1,57 % Cambodge
66%
0,04 % Somalie
66%
7,99 % Soudan
66%
0,10 % Yémen
66%
0,54 % Bangladesh
62%
1,96 % Géorgie
62%
1,42 % Koweït
62%
1,36 % Oman
62%
7,78 % Roumanie
62%
2,03 % Sri Lanka
62%
0,44 % Turkménistan
62%
0,19 % Azerbaïdjan
59%
2,79 % Belgique
59%
9,23 % Bulgarie
59%
1,22 % Chypre
59%
1,80 % Corée du Nord
59%
1,62 % Macédoine
59%
3,30 % Bahreïn
55%
7,23 % Birmanie
55%
6,48 % Colombie
55%
1,69 % Croatie
55%
6,94 % Cuba
55%
1,66 % Érythrée
55%
1,49 % Gambie
55%
9,31 % Venezuela
55%
6,41 % Autriche
52%
2,89 % Biélorussie
52%
3,79 % Kazakhstan
52%
9,81 % Paraguay
52%
3,50 % Guinée-Bissau
48%
5,35 % Irlande
48%
2,67 % Lituanie
48%
7,85 % Uruguay
48%
0,27 % Comores
45%
8,55 % Équateur
45%
9,00 % Guinée Équatoriale
45%
4,83 % Taïwan
45%
0,74 % Bhoutan
41%
1,94 % Émirats Arabes Unis
41%
9,86 % Île Maurice
41%
1,69 % Kirghizistan
41%
9,26 % Sierra Leone
41%
0,06 % Djibouti
38%
7,90 % Burkina Faso
34%
2,97 % Luxembourg
31%
9,86 % République dominicaine
31%
7,15 % République tchèque
24%
0,18 % Bosnie-Herzégovine
17%
Aucun quiz correspondant
Distribution des résultats
% des personnes avec chaque résultat
Percentile par nombre de réponses
Votre historique - résultats
Vous n’avez pas pris ce quiz